书目信息 |
| 题名: |
孩子:挑战
|
|
| 作者: | 德雷克斯 , 索尔兹 著 ;小美妈妈 译 | |
| 分册: | ||
| 出版信息: | 北京 生活书店出版有限公司 2015 |
|
| 页数: | 445页 | |
| 开本: | 19cm | |
| 丛书名: | ||
| 单 册: | ||
| 中图分类: | B844.1 , G781-49 | |
| 科图分类: | ||
| 主题词: | 儿童心理学--er tong xin li xue--通俗读物 , 儿童教育--er tong jiao yu--家庭教育--通俗读物 | |
| 电子资源: | ||
| ISBN: | 978-7-80768-074-1 | |
| 000 | 01504nam0 22003131 450 | |
| 001 | 0116132739 | |
| 005 | 20161219100201.70 | |
| 010 | @a978-7-80768-074-1@b精装@dCNY48.00 | |
| 100 | @a20150515d2015 em y0chiy50 ea | |
| 101 | 1 | @achi@ceng |
| 102 | @aCN@b110000 | |
| 105 | @ay z 000yy | |
| 106 | @ar | |
| 200 | 1 | @a孩子:挑战@9hai zi tiao zhan@dChildren: the challenge@f(美)鲁道夫·德雷克斯,(美)薇姬·索尔兹著@g甄颖译@zeng |
| 210 | @a北京@c生活书店出版有限公司@d2015 | |
| 215 | @a445页@d19cm | |
| 300 | @a妈妈童书 | |
| 312 | @a版权页英文题名:Children: the challenge: the classic work on improving parent-child relations——intelligent, humane & eminently practical | |
| 330 | @a本书创造性地提出了孩子不良行为的四个错误目标和适应现代社会的民主式教育方法,并将其应用于真实案例,内容包括了解孩子、孩子的错误目标、对孩子表现尊重、消除批评和减少错误、花时间训练、避免权力之争、不要可怜、一视同仁、注意说话的语气等。 | |
| 510 | 1 | @aChildren: the challenge@ethe classic work on improving parent-child relations——intelligent, humane & eminently practical@zeng |
| 606 | 0 | @a儿童心理学@9er tong xin li xue@j通俗读物 |
| 606 | 0 | @a儿童教育@9er tong jiao yu@x家庭教育@j通俗读物 |
| 690 | @aB844.1@v5 | |
| 690 | @aG781-49@v5 | |
| 701 | 0 | @c(美)@a德雷克斯@9de lei ke si@c(Dreikurs, Rudolf@f1897~1972)@4著 |
| 701 | 0 | @c(美)@a索尔兹@9suo er zi@c(Scoltz, Vicki)@4著 |
| 702 | 0 | @a小美妈妈@9xiao mei ma ma@c(女)@4译 |
| 801 | 0 | @aCN@bTANGWEI@c20161216 |
| 905 | @b0952704-8@dB844.1@e1507@f5 | |
| 孩子:挑战=Children: the challenge/(美)鲁道夫·德雷克斯,(美)薇姬·索尔兹著/甄颖译.-北京:生活书店出版有限公司,2015 |
| 445页;19cm |
| 妈妈童书 |
| ISBN 978-7-80768-074-1(精装):CNY48.00 |
| 本书创造性地提出了孩子不良行为的四个错误目标和适应现代社会的民主式教育方法,并将其应用于真实案例,内容包括了解孩子、孩子的错误目标、对孩子表现尊重、消除批评和减少错误、花时间训练、避免权力之争、不要可怜、一视同仁、注意说话的语气等。 |
| ● |
| 相关链接 |
|
|
|
|
正题名:孩子:挑战
索取号:B844.1/1507
 
预约/预借
| 序号 | 登录号 | 条形码 | 馆藏地/架位号 | 状态 | 备注 |
| 1 | 0952704 | 209527047 | 第一样本阅览室/ [索取号:B844.1/1507] | 在馆 | |
| 2 | 0952705 | 209527056 | 第一借阅区/ [索取号:B844.1/1507] | 在馆 | |
| 3 | 0952706 | 209527065 | 第一借阅区/ [索取号:B844.1/1507] | 在馆 | |
| 4 | 0952707 | 209527074 | 第一借阅区/ [索取号:B844.1/1507] | 在馆 | |
| 5 | 0952708 | 209527083 | 第一借阅区/ [索取号:B844.1/1507] | 在馆 |